MARC

LEADER 00000nam0a2200000 4500
001 67730
005 20231031073826.0
035 |a (RuTPU)RU\TPU\book\72122 
090 |a 67730 
100 |a 20040922d1972 km y0rusy50 ca 
101 0 |a rus 
102 |a RU 
105 |a a z 001zy 
200 1 |a Точность и контроль зубчатых колес  |f Б. А. Тайц 
210 |a Москва  |c Машиностроение  |d 1972 
215 |a 367 с.  |c ил. 
320 |a Библиогр.: с. 361-365 
610 1 |a зубчатые колеса 
610 1 |a точность 
610 1 |a производство 
610 1 |a технический контроль 
610 1 |a зубообработка 
610 1 |a погрешности 
610 1 |a допуски 
610 1 |a классификация 
675 |a 621.833  |v 3 
700 1 |a Тайц  |b Б. А.  |g Борис Аркадьевич 
801 1 |a RU  |b 63413507  |c 20040922  |g PSBO 
801 2 |a RU  |b 63413507  |c 20150515  |g PSBO 
942 |c BK